000 00496nam a2200193Ia 4500
003 OSt
005 20230609114954.0
008 210423s2005 xx 000 0 und d
040 _cAL
082 _a150 MAHI
_223
100 _aMAHMUD (Jafar)
_9123275
245 _aIntroduction to psychology
260 _aNew Delhi
_bNew Age International
_c2005
365 _cINR
650 _aPhilosophy
_9123276
650 _aPsychology
_9123277
906 _aIntroduction ; psychology
942 _2ddc
_cBK
999 _c174246
_d174246